Geography Quiz

Random Geography or Asia Quiz

Let's Draw the Asian Borders Quiz Stats

 Plays Quiz Updated Jul 19, 2017

Support Sporcle.
Go Orange.
Score 0/95 Timer 20:00
24 Plays Today
% Correct
KP - KR
74.4%
CN - KP
74.1%
RU - MN
73.6%
PK - IN
73.5%
IN - BD
73.5%
YE - OM
73.4%
SA - YE
73%
MN - CN
72.6%
RU - KZ
72.4%
SA - OM
72.2%
CN - VN
72.1%
MM - TH
71.7%
MY - ID
71.5%
SA - QA
70.8%
RU - CN
70.7%
NP - CN
70.6%
KH - VN
70.3%
TH - KH
70.3%
AF - PK
70.2%
IQ - IR
70%
AE - OM
69.9%
TH - MY
69.3%
TR - SY
69.2%
SA - AE
69.2%
IQ - KW
69.1%
IQ - SA
69%
KZ - CN
68.8%
TH - LA
68.8%
CN - LA
68.5%
IR - PK
68.3%
IR - AF
68.2%
BD - MM
67.9%
% Correct
KW - SA
67.6%
MM - CN
67.6%
RU - KP
67.5%
RU - GE
67.4%
SY - IQ
67.2%
JO - SA
67.1%
TM - IR
67.1%
IN - BT
67%
IN - NP
67%
LA - KH
67%
CN - BT
66.9%
PK - CN
66.8%
LA - VN
66.7%
CN - IN
66.4%
IN - MM
66.4%
TR - GE
66.2%
RU - AZ
66.2%
LB - SY
66.1%
JO - IQ
65.1%
SY - JO
64.9%
ID - TP
64.3%
KZ - UZ
64.1%
RU - CN
63.7%
TR - IQ
62.7%
IL - LB
62.6%
IL - EG
62.6%
MY - BN
62.4%
UZ - TM
62.2%
TM - AF
62.2%
MM - LA
62.1%
IR - AZ
61.9%
KZ - TM
61.3%
% Correct
CN - IN
61.3%
PS - EG
61.1%
KG - CN
60.3%
IL - JO
60.2%
GE - AZ
60.1%
CN - IN
58.8%
PS - JO
58.7%
KZ - KG
58.6%
AM - AZ
58.5%
MY - BN
58.1%
GE - AM
57.7%
TJ - AF
57.4%
IL - PS
57.2%
TJ - CN
57.2%
ID - TP
56.5%
TR - AM
56.2%
IL - PS
56.1%
IL - JO
55.9%
IL - SY
55.1%
TR - IR
54.5%
UZ - KG
54%
UZ - TJ
53.2%
AF - CN
52.8%
UZ - AF
51.6%
KG - TJ
51.2%
AE - OM
51%
AE - OM
46.9%
AM - AZ
45.9%
TR - AZ
45.2%
IR - AZ
39.3%
AM - IR
37.9%

From the Vault

Note-Worthy Words II

by sproutcm

We're note screwing around.
Remove Ads.
Support Sporcle.
Get the best of Sporcle when you Go Orange. This ad-free experience offers more features, more stats, and more fun while also helping to support Sporcle. Thank you for becoming a member.

Show Comments

Extras

Top Quizzes Today


Score Distribution

Your Account Isn't Verified!

In order to create a playlist on Sporcle, you need to verify the email address you used during registration. Go to your Sporcle Settings to finish the process.

Report this User

Report this user for behavior that violates our Community Guidelines.

Details: